| 000 | 00897nam a22002417a 4500 | ||
|---|---|---|---|
| 999 |
_c7457 _d7457 |
||
| 003 | AR-CdUCM | ||
| 008 | 190320b ||||| |||| 00| 0 spa d | ||
| 040 |
_aMUNICIPALIDAD PROVINCIAL DEL CUSCO _cBIBLIOTECA MUNICIPAL DEL CUSCO |
||
| 082 |
_a779 / _bIQ67 |
||
| 110 |
_aEdiciones de Arte Ltda. _921028 |
||
| 245 | _aIquique / | ||
| 260 |
_aSantiago de Chile : _bEdiciones de Arte Ltda. _c1981. |
||
| 300 |
_a20 páginas ; _bFotografías _c50cm |
||
| 440 |
_aMonografías Regionales _n1 _921029 |
||
| 505 | _aContenido: Registro fotográfico de Iquique 1900 | ||
| 650 |
_aFotografía _94511 |
||
| 650 |
_aRegistro fotográfico _921030 |
||
| 700 |
_aOlivares A. , Ricardo (recopilación) _921031 |
||
| 700 |
_aCerda C. , Patricio (investigación histórica) _921032 |
||
| 700 |
_aAstudillo E., Antonio (fotografía y restauración iconográfica) _921033 |
||
| 942 |
_2ddc _cLIBROS |
||
| 945 | _anom | ||